|
|
|
|
| LEADER |
00000naa2a2200000 4500 |
| 001 |
139811 |
| 005 |
20231031141852.0 |
| 035 |
|
|
|a (RuTPU)RU\TPU\book\151453
|
| 090 |
|
|
|a 139811
|
| 100 |
|
|
|a 20080611d2005 k y0rusy50 ca
|
| 101 |
0 |
|
|a rus
|
| 102 |
|
|
|a RU
|
| 200 |
1 |
|
|a Беспризорность как социальное явление
|f А. А. Смирнова
|
| 320 |
|
|
|a Библиогр.: 4 назв.
|
| 463 |
|
0 |
|0 (RuTPU)RU\TPU\book\118298
|t Актуальные проблемы гуманитарных наук
|o труды IV международной научно-практической конференции студентов, аспирантов и молодых ученых, 20-21 апреля 2005, Томск
|f Томский политехнический университет
|v С. 308-309
|d 2005
|p 458 с.
|
| 610 |
1 |
|
|a дети
|
| 610 |
1 |
|
|a беспризорники
|
| 610 |
1 |
|
|a социальные явления
|
| 610 |
1 |
|
|a общество
|
| 610 |
1 |
|
|a беспризорность
|
| 610 |
1 |
|
|a труды учёных ТПУ
|
| 700 |
|
1 |
|a Смирнова
|b А. А.
|
| 801 |
|
1 |
|a RU
|b 63413507
|c 20080611
|g PSBO
|
| 801 |
|
2 |
|a RU
|b 63413507
|c 20080611
|g PSBO
|
| 942 |
|
|
|c BK
|